000 00681nam a2200205 a 4500
001 2486
003 CDMR
005 20151022113002.0
008 130130s1988||||||||||||||||||||||||||||d
020 _a2222039746
040 _aCDMR
_bcat
_cCDMR
100 1 _aImbert, Gérard
_9880
245 1 3 _aLe discours du journal
_b: a propos de "El País" : pour une approche socio-sémiotique du discours de la presse
_cpar Gérard Imbert
260 _aParis
_c1988
_bEditions du Centre Régional de Recherche Scientifique
300 _a192 p.
490 0 _aLa Maison des Pays Iberiques
_v35
650 0 4 _93349
_aAnàlisi del discurs
610 2 _93256
_aDiario El País, S.L.
942 _cMON
_2udc
999 _c2486
_d2486